02887cam a22003974i 4500003000900000005001700009008004100026035002000067040003300087100005300120245024100173264001000414300004000424336002100464337002500485338002300510502005900533504002400592520165200616526001002268526001002278526000902288526000902297526000902306526000902315526000902324526000902333526000902342526000802351526000802359526000802367526000802375526000802383650005202391650004602443PE-LiUPU20250731165442.0160914s2016 pe a grm 000 0 spa d a(Sirsi) a163461 aPE-LiUPUbspacPE-LiUPUerda1 aNúñez Burga, Reyna Magdalena Fiorela,eautor1 aTratamiento de aguas residuales domésticas a nivel familiar, con Humedales Artificiales de flujo subsuperficial Horizontal, mediante la especie macrófita emergente Cyperus Papyrus (Papiro) /cReyna Magdalena Fiorela Núñez Burga. 0c2016. a313 hojas : bilustraciones;c30 cm atext2rdacontent aunmediated2rdamedia avolume2rdacarrier aTesisb(Lic.) -- cUniversidad Peruana Unión,d2016. aIncluye referencias3 aEl propósito de la investigación fue determinar la eficiencia de remoción de las aguas residuales domésticas mediante Humedales Artificiales de Flujo Subsuperficial Horizontal. La investigación consistió en tres etapas: el diseño del humedal, construcción del humedal y análisis de datos mediante la prueba T-Student para muestras relacionadas, utilizando el programa Stalistica. Las dimensiones del humedal fueron obtenidas a partir del caudal de ingreso (0.03 m3/día) con la Demanda Biológica de Oxígeno (285.10 gr/m3), obteniéndose un largo de 1.20 m, un ancho de 0.60, una altura de 0.60 m y una pendiente del 1%. El análisis de los resultados demostró que existen diferencias significativas (p<0.05) de todos los parámetros físico (Turbidez, pH, conductividad eléctrica, OD, SDT y temperatura), químicos (DBO, DQO, nitrógeno total y fósforo total, 55% de conductividad eléctrica y sólidos disueltos totales, 61% de oxígeno disuelto, 96% de turbidez, 68% de pH y 100% Coliformes totales y fecales. En conclusión, existe eficiencia de remoción de los parámetros físico-químicos y microbiológicos antes de pasar por el sistema de tratamiento mediante humedales artificiales de lujo subsuperficial horizontal, con los parámetros físico-químicos y microbiológicos después de pasar por el sistema de tratamiento, demostrando que dicha agua se encuentran dentro de lo establecido por el Decreto Supremo N° 002-2008-MINAM y la modificatoria el Decreto Supremo N° 05-2015-MINAM, indicando que el agua residual doméstica es apta para ser utilizada en el regadío de pastizales. aSEG44 aSEG26 aP151 aP150 aP149 aP146 aP145 aP126 aP125 aP92 aP75 aP74 aP27 aP1504aAguas residualesxTratamiento por lodos activos04aAguas residualesxTratamiento biológico